| 000 | 00495nam a22001697a 4500 | ||
|---|---|---|---|
| 005 | 20240110130144.0 | ||
| 008 | 200320b xxu||||| |||| 00| 0 eng d | ||
| 020 | _a9788123916217 | ||
| 041 | _aeng | ||
| 082 | _a547.7 | ||
| 100 |
_aSIDDIQUI ,ANEES A , AND SEEMI, SIDDIQUI _98257 |
||
| 245 | _aNATURAL PRODUCTS CHEMISTRY PRACTICAL MANUAL : FOR ---- COURSE | ||
| 260 |
_aNEW dELHI _bCBS PUBLISHERS AND DISTRIBUTORS _c2019 |
||
| 300 | _a274P. ; X | ||
| 650 |
_aPHARMACY _xB.PHARMA |
||
| 942 | _cBK | ||
| 999 |
_c6181 _d6179 |
||